000 00915nas a2200313 4500
001 BR0104469
003 BR-BrBNA
005 20231205102549.0
007 ta
008 230509b bl.|||p| |||| 00| 00por d
040 _aBR-BrBNA
_bpor
_cBiblioteca Nacional de Agricultura
041 _a(Pt)
072 _aQ02
100 1 _aOliveira, L.P. de
100 1 _aMaeda, R.
100 1 _aAndrade, J. de S.
100 1 _aPereira Junior, N.
100 1 _aCarvalho, S.M. da S.
100 1 _aAstolfi Filho, S.
245 1 _aProcesso fermentativo para producao de bebidas
650 _aPupunha
650 _aComposicao Quimica
650 _aFermentacao
650 _aLevedo
650 _aAnalise Organoleptica
773 0 _tBiotecnologia Ciencia e Desenvolvimento (Brazil)
_xISSN 1414-4522
_g(Mar-Apr 2001), v. 3(19) p. 50-54
_wBR0104469
909 _a202311
_bLúcia
_c55
_dLúcia Elande
942 _2AGRIS
_n0
_cANA
999 _c168183
_d168183